Kalter Krieg Trivia #1 - Statistiken

Allgemein
  • Dieses Quiz wurde 753 mal gespielt
  • Das Durchschnittsergebnis liegt bei 12 aus 20
Antwortstatistiken
Hinweis Antwort % Korrekt
Mauer, die im Jahre 1961 gebaut wurde {Berliner} Mauer
94%
Vertrag zwischen der UdSSR und ihren Verbündeten {Warschauer} Pakt
89%
Theoretische Trennlinie zwischen Europa Eiserner {Vorhang}
87%
Sowjetischer Führer zu Beginn desdes Kalten Krieges Joseph Stalin
84%
Berühmte Kreuzung an der oben genannten Checkpoint {Charlie}
83%
Westliches Militärbündnis NATO
82%
Amerikanischer Spionagedienst CIA
79%
Wofür steht das "H" in dem englischen Wort "H-Bomb" Hydrogen
76%
U.S.-Plan zum Wiederaufbau Europas nach dem Zweiten Weltkrieg {Marshall} Plan
75%
Kommunistischer Führer von Kuba Fidel Castro
74%
Tschechoslowakische Revolte von 1968 {Prager} Frühling
65%
Krise 1962 durch die ein nukleares Patt entstand Kubakrise
63%
Sowjetischer Spionagedienst KGB
60%
Britischer Spionagedienst MI6
54%
Autor von "Nineteen Eighty-Four" George Orwell
44%
Russische Reform der "Offenheit"eingeführt 1985 Glasnost
43%
Kommunistischer Führer von Kambodscha Pol Pot
37%
Außenminister der Vereinigten Staaten (1973-77) Henry Kissinger
28%
Theorie des "Umsturzes" von Ländern, die zuzur amerikanischen Intervention in Vietnam führte (Domino) Theorie
19%
Was war "gegenseitig zugesichert" imim Falle eines Atomkriegs Zerstörung
12%
Keine übereinstimmenden Quizze gefunden
Verteilung der Resultate
Anzahl Personen mit jedem Resultat
Perzentil nach korrekt beantworteten Fragen
Ihre Resultats-Entwicklung
Sie haben dieses Quiz noch nicht gespielt